Women and social movements in Latin America : power from below /

Guardado en:
Autor Principal: Stephen, Lynn.
Formato: Libro
Publicado: Austin : University of Texas Press, 1997.
Materias:
Etiquetas: Agregar Etiqueta
Sin Etiquetas, Sea el primero en etiquetar este registro!
LEADER 00641nam a22002055a 4500
001 EHU.bham050800
008 220712s1997####nyu###########000#0#####d
005 20220712085441.0
245 1 0 |a Women and social movements in Latin America :  |b power from below /  |c Lynn Stephen. 
260 |a Austin :  |b University of Texas Press,  |c 1997. 
300 |a 332 p. 
020 |a 0292777167 
100 1 |a Stephen, Lynn. 
082 A 8 |a 305.42 St828 
653 |a Movimientos sociales 
651 7 |a América Latina 
653 |a Derechos humanos 
653 |a Feminismo 
653 |a Género-estudios de 
859 |a AR-BHAM  |b BIB. HUMANIDADES - General  |h 305.42  |i St828  |p 243.22